| 000 | 01006 a2200217 4500 | ||
|---|---|---|---|
| 003 | Nust | ||
| 005 | 20220730130107.0 | ||
| 010 | _a 2004271239 | ||
| 020 | _a0321174089 | ||
| 035 | _a(OCoLC)ocm51453465 | ||
| 040 | _cNust | ||
| 082 | 0 | 0 | _a004.68,ENG |
| 100 | 1 |
_aEngst, Adam C. _995922 |
|
| 245 | 1 | 4 |
_aThe wireless networking starter kit : _bthe practical guide to Wi-Fi networks for Windows and Macintosh / _cby Adam Engst and Glenn Fleishman. |
| 260 |
_aBerkeley, CA : _bPeachpit Press, _cc2003. |
||
| 300 |
_axvi, 318 p. : _bill. ; _c24 cm. |
||
| 505 | _aWhy Wireless? (Page-1), Networking Basics (Page-21), How Wireless Works (Page-55), Connecting Your Computer (Page-79), Building Your Wireless Network (Page-113), Wireless Security (Page-163), Talking It On The Road (Page-199), Going The Distance (Page-223), Things That Go Bump In The Net (Page-257), The Future Of Wireless (Page-281). | ||
| 650 | 0 |
_aWireless LANs. _994460 |
|
| 700 | 1 |
_aFleishman, Glenn. _995923 |
|
| 942 |
_2ddc _cBK _k004.68,ENG |
||
| 999 |
_c182627 _d182627 |
||